|
|
|
|
| LEADER |
00000cam a2200000 7i4500 |
| 001 |
0000000098 |
| 005 |
20000717.0 |
| 020 |
0 |
0 |
|a 0887306144
|
| 090 |
0 |
0 |
|a 658.403
|b DRU 1993
|
| 100 |
1 |
0 |
|a DRUCKER
|h Peter Ferdinand
|c 1909-
|
| 245 |
1 |
0 |
|a Managing for results :
|b Economic tasks and risk-taking decisions
|c Peter F. Drucker
|
| 260 |
0 |
0 |
|a New York, USA :
|b HarperBusiness ,
|c 1993
|
| 300 |
|
|
|a xiv 240 p. ;
|c 21 cm.
|
| 500 |
0 |
0 |
|a Bibliography: [p.229-230] and index
|
| 650 |
0 |
0 |
|a Decision-making
|
| 650 |
0 |
0 |
|a Industrial management
|
| 999 |
|
|
|a 0000001082
|b Monograph
|c Open Shelf
|e Default branch
|